| 000 | 00853cam a22002655a 4500 | ||
|---|---|---|---|
| 001 | ssj0001540013 | ||
| 003 | OSt | ||
| 005 | 20160509110528.0 | ||
| 008 | 150811t2016 moua frbd 001 0 eng d | ||
| 020 | _a9780323297622 | ||
| 040 |
_aDNLM _beng _cDNLM _dWaSeSS _dEG-ScBUE |
||
| 082 | 0 | 4 |
_222 _a617.605 _bPRI |
| 245 | 0 | 0 |
_aPrinciples and practice of laser dentistry / _c[edited by] Robert A. Convissar. |
| 250 | _a2nd ed. | ||
| 260 |
_aMissouri : _bElsevier, _cc.2016. |
||
| 300 |
_ax, 311 p. : _bill. ; _c28 cm. |
||
| 500 | _aGlossary : p. 301-302. | ||
| 500 | _aIndex : p. 303-311. | ||
| 504 | _aIncludes bibliographical references. | ||
| 506 | _aAvailable on campus and off campus with authorized login. | ||
| 650 | 7 |
_aLasers in dentistry. _2BUEsh _939935 |
|
| 653 |
_bDDent _cMay2016 |
||
| 700 | 1 |
_aConvissar, Robert A., _eeditor. |
|
| 942 | _2ddc | ||
| 999 |
_c21709 _d21681 |
||